[Event "World Blitz 2023"]
[Site "Samarkand UZB"]
[Date "2023.12.29"]
[EventDate "2023.12.29"]
[Round "5.1"]
[Result "0-1"]
[White "Teimour Radjabov"]
[Black "Magnus Carlsen"]
[WhiteElo "2664"]
[BlackElo "2887"]
[PlyCount "114"]

1. e4 e5 2. Nf3 Nc6 3. Bb5 a6 4. Ba4 Nf6 5. O-O Be7 6. Re1 b5 7. Bb3 O-O 8.
d3 d6 9. a4 Bd7 10. Bd2 h6 11. h3 Rb8 12. axb5 axb5 13. Nc3 Re8 14. Nd5 Bf8
15. c3 Nxd5 16. Bxd5 Ne7 17. Bb3 Ng6 18. Be3 Be6 19. Bxe6 Rxe6 20. Qb3 Be7
21. Ra7 Nh4 22. Nxh4 Bxh4 23. Rea1 c6 24. g3 Bg5 25. Bxg5 Qxg5 26. Rc7 Rf6
27. Qc2 Qh5 28. Kh2 Qf3 29. Rf1 d5 30. Kg1 Rd8 31. Re7 dxe4 32. dxe4 Qh5
33. Kg2 Qf3+ 34. Kg1 Qh5 35. Kg2 Qg5 36. h4 Rxf2+ 37. Rxf2 Qxe7 38. Qe2 Qe6
39. Qe3 Qg4 40. b4 h5 41. Rf3 f6 42. Rf2 Rd1 43. Rf3 Kh7 44. Qe2 Rc1 45.
Qd3 Re1 46. Re3 Qd1 47. Qxd1 Rxd1 48. Kf2 Rd2+ 49. Ke1 Rg2 50. Kf1 Rc2 51.
Rd3 Kh6 52. Ke1 Kg6 53. Kf1 Kf7 54. Rd7+ Kf8 55. Rd3 Ke7 56. Ke1 Ke6 57.
Kd1 Rg2 0-1

[Event "World Blitz 2023"]
[Site "Samarkand UZB"]
[Date "2023.12.29"]
[EventDate "2023.12.29"]
[Round "5.2"]
[Result "1-0"]
[White "Vladislav Artemiev"]
[Black "Zhamsaran Tsydypov"]
[WhiteElo "2799"]
[BlackElo "2626"]
[PlyCount "56"]

1. d4 Nf6 2. Nf3 e6 3. c4 d5 4. Nc3 c6 5. e3 Nbd7 6. Qc2 Bd6 7. Bd3 O-O 8.
O-O dxc4 9. Bxc4 b5 10. Be2 a6 11. e4 e5 12. Bg5 h6 13. Bh4 Bb7 14. Rad1
exd4 15. Rxd4 Qc7 16. Bxf6 Nxf6 17. Rxd6 Qxd6 18. e5 Qc5 19. b4 Qxb4 20.
exf6 c5 21. fxg7 Kxg7 22. g3 Rfe8 23. Nh4 Re5 24. Bf3 Bxf3 25. Nxf3 Re6 26.
Nd5 Qe4 27. Qc3+ f6 28. Nc7 1-0

[Event "World Blitz 2023"]
[Site "Samarkand UZB"]
[Date "2023.12.29"]
[EventDate "2023.12.29"]
[Round "5.4"]
[Result "1-0"]
[White "R Praggnanandhaa"]
[Black "Johan-Sebastian Christiansen"]
[WhiteElo "2665"]
[BlackElo "2541"]
[PlyCount "170"]

1. e4 e5 2. Nf3 Nc6 3. Bc4 Nf6 4. d3 h6 5. c3 d6 6. a4 g6 7. a5 Bg7 8. h3
O-O 9. a6 b6 10. O-O Na5 11. Bb5 c6 12. Ba4 b5 13. Bc2 c5 14. Be3 Nc6 15.
Nbd2 Rb8 16. d4 cxd4 17. cxd4 Qe7 18. Nb3 Rd8 19. d5 Nb4 20. Na5 Bd7 21.
Bb1 Nxa6 22. Nb3 Bc8 23. Na5 Bd7 24. Nc6 Bxc6 25. Rxa6 Bb7 26. Rxa7 Ra8 27.
Rxa8 Rxa8 28. Qb3 Qd7 29. Bd3 Rb8 30. Ra1 Bxd5 31. exd5 e4 32. Ra7 Qe8 33.
Be2 exf3 34. Bxf3 Qe5 35. Ra5 b4 36. Ra4 Ne8 37. Rxb4 Rxb4 38. Qxb4 Qxb2
39. Qxb2 Bxb2 40. Bxh6 Be5 41. g3 Nc7 42. Be3 f5 43. Kf1 Nb5 44. Bd1 Nc3
45. Bb3 Kf7 46. Kg2 Nb5 47. Bc4 Nc3 48. f4 Bf6 49. Kf3 Na4 50. g4 Nc3 51.
Bd2 Ne4 52. Bc1 Bc3 53. Bd3 Nc5 54. Bc2 Kf6 55. Be3 Bb2 56. Bf2 Bc3 57.
Bh4+ Kf7 58. gxf5 gxf5 59. Bxf5 Nb3 60. Be6+ Kg7 61. Be7 Bb4 62. h4 Nd4+
63. Kg4 Nc2 64. h5 Ne3+ 65. Kf3 Nc4 66. Bg5 Bc3 67. h6+ Kg6 68. Ke4 Bb2 69.
Kf3 Bh8 70. Bd7 Kf7 71. Bf5 Nd2+ 72. Ke2 Nb3 73. Kd3 Nc5+ 74. Kc4 Na4 75.
Kb5 Nc5 76. Kc6 Nb3 77. Kxd6 Nd4 78. Be6+ Kg6 79. Kd7 Nb3 80. d6 Nc5+ 81.
Ke7 Bc3 82. d7 Ba5 83. Bd5 Nd3 84. Be4+ Kh5 85. Bxd3 1-0

[Event "World Blitz 2023"]
[Site "Samarkand UZB"]
[Date "2023.12.29"]
[EventDate "2023.12.29"]
[Round "5.6"]
[Result "1/2-1/2"]
[White "Anish Giri"]
[Black "M Amin Tabatabaei"]
[WhiteElo "2731"]
[BlackElo "2573"]
[PlyCount "90"]

1. e4 e5 2. Nf3 Nc6 3. Bc4 Nf6 4. d3 Bc5 5. O-O d6 6. c3 a5 7. Re1 O-O 8.
h3 Ba7 9. Bb3 h6 10. Nbd2 Be6 11. Bc2 Re8 12. Nf1 d5 13. exd5 Bxd5 14. Be3
Bxe3 15. Nxe3 Be6 16. Ba4 Qd6 17. d4 exd4 18. Nxd4 Bd7 19. Nxc6 Bxc6 20.
Qxd6 cxd6 21. Bc2 d5 22. Nf5 Rxe1+ 23. Rxe1 Re8 24. Rd1 Kf8 25. f3 h5 26.
h4 g6 27. Nd4 Ke7 28. Kf2 Kd6 29. Ne2 Kc7 30. Nf4 Re5 31. Rd4 b6 32. Nh3
Re7 33. Nf4 b5 34. a4 bxa4 35. Bxa4 Bxa4 36. Rxa4 Kb6 37. Nd3 Nd7 38. Rf4
Nc5 39. Nxc5 Kxc5 40. b4+ axb4 41. Rxb4 Kd6 42. Rb6+ Kc5 43. Rb4 Kd6 44.
Rb6+ Kc5 45. Rb4 1/2-1/2

[Event "World Blitz 2023"]
[Site "Samarkand UZB"]
[Date "2023.12.29"]
[EventDate "2023.12.29"]
[Round "5.7"]
[Result "0-1"]
[White "Vasquez Schroeder, Rodrigo"]
[Black "Ian Nepomniachtchi"]
[WhiteElo "2582"]
[BlackElo "2795"]
[PlyCount "78"]

1. e4 c5 2. Nf3 d6 3. d4 cxd4 4. Nxd4 Nf6 5. Nc3 a6 6. Bg5 Nbd7 7. Bc4 Qa5
8. Qd2 h6 9. Bxf6 Nxf6 10. Bb3 g6 11. O-O-O Bg7 12. Kb1 O-O 13. f3 Qc5 14.
g4 b5 15. h4 h5 16. g5 Nd7 17. Nd5 e6 18. Ne7+ Kh7 19. Nxc8 Raxc8 20. Ne2
Ne5 21. Rhf1 Nc4 22. Bxc4 bxc4 23. c3 Rc6 24. Ka1 Rb8 25. Qc2 Rcb6 26. Rb1
Qe3 27. a3 Rb3 28. Ka2 R8b5 29. Ka1 Qc5 30. Ka2 Ra5 31. Qc1 d5 32. exd5 Bf8
33. Nd4 Qb6 34. dxe6 fxe6 35. Re1 e5 36. Nc2 Rab5 37. Rd1 Qb7 38. Ne3 Qf7
39. Qc2 0-1

[Event "World Blitz 2023"]
[Site "Samarkand UZB"]
[Date "2023.12.29"]
[EventDate "2023.12.29"]
[Round "5.8"]
[Result "1/2-1/2"]
[White "Yangyi Yu"]
[Black "Renato Terry"]
[WhiteElo "2762"]
[BlackElo "2578"]
[PlyCount "166"]

1. e4 e6 2. d4 d5 3. Nc3 Nf6 4. Bg5 Bb4 5. exd5 Qxd5 6. Bxf6 Bxc3+ 7. bxc3
gxf6 8. Nf3 Qa5 9. Qd2 Bd7 10. c4 Qxd2+ 11. Nxd2 Bc6 12. f3 Nd7 13. Be2 Rg8
14. Kf2 O-O-O 15. Nb3 Nb6 16. Rhd1 h6 17. c3 Rg5 18. h4 Rg7 19. Na5 Ba4 20.
Rdb1 Rdg8 21. Bf1 Bc6 22. a4 Kd7 23. Nxc6 bxc6 24. a5 Nc8 25. Rb7 a6 26.
Rab1 f5 27. Rb8 Nd6 28. Ke3 f6 29. Kf4 Rg6 30. R1b2 R6g7 31. Rxg8 Rxg8 32.
g4 fxg4 33. fxg4 Re8 34. Kf3 e5 35. Rd2 e4+ 36. Ke3 Rg8 37. c5 Nb5 38. c4
Na7 39. Rf2 Ke6 40. Rf4 Nc8 41. Rxe4+ Kf7 42. d5 Ne7 43. d6 Ng6 44. g5 hxg5
45. hxg5 f5 46. Rd4 Re8+ 47. Kf3 Ne5+ 48. Kf4 Ke6 49. dxc7 Ng6+ 50. Kg3 Rc8
51. Rd6+ Kf7 52. Rxc6 f4+ 53. Kf2 Ne5 54. Rxa6 Rxc7 55. Rf6+ Kg7 56. Re6
Rxc5 57. a6 Ra5 58. c5 Ra2+ 59. Ke1 Nf3+ 60. Kd1 Ra1+ 61. Kc2 Nd4+ 62. Kb2
Rxf1 63. Re7+ Kg6 64. a7 Rf2+ 65. Kb1 Rf1+ 66. Kb2 Rf2+ 67. Kb1 Rf1+ 68.
Ka2 Rf2+ 69. Ka3 Nb5+ 70. Kb3 Nxa7 71. Rxa7 Rf1 72. Kc2 Rf2+ 73. Kd3 Rf1
74. Ke4 Rc1 75. Kd5 f3 76. Ra2 Kxg5 77. Rf2 Kf4 78. c6 Ke3 79. Rxf3+ Kxf3
80. Kd6 Kf4 81. c7 Kf5 82. Kd7 Rd1+ 83. Ke8 Ke5 1/2-1/2

[Event "World Blitz 2023"]
[Site "Samarkand UZB"]
[Date "2023.12.29"]
[EventDate "2023.12.29"]
[Round "5.9"]
[Result "0-1"]
[White "Pouya Idani"]
[Black "Richard Rapport"]
[WhiteElo "2574"]
[BlackElo "2748"]
[PlyCount "70"]

1. e4 Nf6 2. e5 Nd5 3. d4 d6 4. c4 Nb6 5. f4 dxe5 6. fxe5 Bf5 7. Nc3 e6 8.
Be3 Nc6 9. Nf3 Be7 10. Be2 O-O 11. O-O f6 12. exf6 Bxf6 13. h3 h6 14. Qd2
Qe7 15. Rad1 Rad8 16. Kh1 Kh8 17. Bg1 Rd7 18. c5 Nd5 19. Bb5 Qd8 20. Rde1
Nde7 21. g4 Bh7 22. Rxe6 a6 23. Bxc6 Nxc6 24. d5 Bg8 25. Re4 Bxc3 26. Qxc3
Bxd5 27. Re3 Rdf7 28. Kh2 Qf6 29. Qxf6 Rxf6 30. Kg3 Nd4 31. Nxd4 Rxf1 32.
Bh2 R1f2 33. h4 Rxb2 34. Nf5 Rg2+ 35. Kh3 h5 0-1

[Event "World Blitz 2023"]
[Site "Samarkand UZB"]
[Date "2023.12.29"]
[EventDate "2023.12.29"]
[Round "5.10"]
[Result "1-0"]
[White "Alexey Sarana"]
[Black "S L Narayanan"]
[WhiteElo "2707"]
[BlackElo "2564"]
[PlyCount "86"]

1. d4 d5 2. c4 e6 3. Nc3 c5 4. dxc5 d4 5. Na4 Bd7 6. b4 Bxa4 7. Qxa4+ Nd7
8. e3 a5 9. exd4 axb4 10. Qxb4 b6 11. Qd2 bxc5 12. d5 exd5 13. cxd5 Bd6 14.
Nf3 Ngf6 15. Bb5 O-O 16. O-O Ne5 17. Be2 Qc7 18. h3 Rad8 19. Bb2 Rfe8 20.
Rfd1 h6 21. a4 Ne4 22. Qc2 Ng6 23. Bd3 f5 24. Re1 Nf4 25. Bxe4 fxe4 26.
Rxe4 Rxe4 27. Qxe4 Qb7 28. Be5 Bxe5 29. Nxe5 Qb2 30. Re1 Nxd5 31. Rd1 Qb3
32. Rd3 Qb1+ 33. Kh2 Qb7 34. f4 Qa8 35. a5 Nb4 36. Qc4+ Kh7 37. Rxd8 Qxd8
38. Qxc5 Nd5 39. Qc2+ Kg8 40. Qc4 Kh7 41. a6 Qf6 42. Qe4+ Kh8 43. a7 1-0

[Event "World Blitz 2023"]
[Site "Samarkand UZB"]
[Date "2023.12.29"]
[EventDate "2023.12.29"]
[Round "5.11"]
[Result "1-0"]
[White "Sanan Sjugirov"]
[Black "Raunak Sadhwani"]
[WhiteElo "2569"]
[BlackElo "2668"]
[PlyCount "38"]

1. e4 c5 2. Nf3 Nc6 3. Bb5 g6 4. O-O Bg7 5. Re1 e5 6. Bxc6 dxc6 7. d3 Qc7
8. Nbd2 Ne7 9. a4 a5 10. Nc4 h6 11. Be3 b6 12. b4 axb4 13. a5 b5 14. Nb6
Ra6 15. Bxc5 Be6 16. Qd2 Bg4 17. Qxb4 Bxf3 18. g3 g5 19. c4 1-0

[Event "World Blitz 2023"]
[Site "Samarkand UZB"]
[Date "2023.12.29"]
[EventDate "2023.12.29"]
[Round "5.12"]
[Result "1-0"]
[White "Denis Lazavik"]
[Black "Van Foreest, Jorden"]
[WhiteElo "2556"]
[BlackElo "2664"]
[PlyCount "114"]

1. d4 d5 2. c4 c6 3. Nf3 Nf6 4. e3 Bf5 5. Nc3 e6 6. Nh4 Be4 7. f3 Bg6 8.
Bd2 Nbd7 9. Nxg6 hxg6 10. Qc2 a6 11. c5 e5 12. O-O-O Be7 13. g4 Qc7 14. h4
O-O-O 15. Bd3 Kb8 16. Kb1 Nf8 17. Ne2 Ne6 18. Qa4 Rde8 19. Ba5 Qc8 20. Rc1
Bd8 21. Rc3 Bxa5 22. Qxa5 Qc7 23. Qa4 Nd7 24. Qb4 Ka7 25. Rb3 Rb8 26. Qa3
b5 27. cxb6+ Rxb6 28. Rxb6 Qxb6 29. Rc1 Rb8 30. b3 exd4 31. exd4 c5 32.
dxc5 Ndxc5 33. Bc2 Qb4 34. Qxb4 Rxb4 35. Rd1 d4 36. Kb2 a5 37. a3 Rb6 38.
Nxd4 Na4+ 39. Ka1 Nc3 40. Rd3 Nxd4 41. Rxd4 Nb5 42. Rd7+ Rb7 43. Rxb7+ Kxb7
44. Kb2 Kb6 45. b4 Nd4 46. Be4 f5 47. Bd5 Ne2 48. Kb3 Nf4 49. Bf7 fxg4 50.
fxg4 Ng2 51. Bxg6 Nxh4 52. Be4 Kb5 53. Kc3 g5 54. Kb3 Kb6 55. Kc4 axb4 56.
axb4 Kc7 57. Kc5 1-0

[Event "World Blitz 2023"]
[Site "Samarkand UZB"]
[Date "2023.12.29"]
[EventDate "2023.12.29"]
[Round "5.13"]
[Result "1/2-1/2"]
[White "Aleksandr Rakhmanov"]
[Black "Parham Maghsoodloo"]
[WhiteElo "2521"]
[BlackElo "2660"]
[PlyCount "98"]

1. c4 Nf6 2. d4 e6 3. Nc3 Bb4 4. e3 O-O 5. Nf3 d5 6. Bd2 Nbd7 7. a3 Be7 8.
Bd3 h6 9. O-O dxc4 10. Bxc4 c5 11. Qe2 a6 12. a4 b6 13. Rfd1 Bb7 14. Rac1
Qb8 15. h3 Rd8 16. Be1 Bd6 17. Ba2 Bc6 18. Bb1 Qb7 19. e4 b5 20. axb5 axb5
21. e5 Bxf3 22. Qxf3 Qxf3 23. gxf3 cxd4 24. exf6 Bf4 25. Nxb5 Bxc1 26. Rxc1
Nxf6 27. Bd3 Rab8 28. b4 Nd5 29. Bd2 Nc3 30. Bxc3 dxc3 31. Rxc3 Rxd3 32.
Rxd3 Rxb5 33. Rd8+ Kh7 34. Rd4 Kg6 35. h4 h5 36. Kf1 Kf6 37. Ke2 e5 38. Rc4
Ke6 39. f4 exf4 40. Rxf4 f6 41. Rc4 g5 42. hxg5 fxg5 43. Ke3 Kd5 44. Rd4+
Ke5 45. Re4+ Kf5 46. Rc4 g4 47. Ke2 h4 48. f3 Re5+ 49. Kf1 gxf3 1/2-1/2

[Event "World Blitz 2023"]
[Site "Samarkand UZB"]
[Date "2023.12.29"]
[EventDate "2023.12.29"]
[Round "5.15"]
[Result "1/2-1/2"]
[White "Vladislav Kovalev"]
[Black "Anton Smirnov"]
[WhiteElo "2539"]
[BlackElo "2647"]
[PlyCount "108"]

1. e4 e5 2. Nf3 Nf6 3. Nxe5 d6 4. Nf3 Nxe4 5. d4 d5 6. Bd3 Bd6 7. O-O O-O
8. Nbd2 Nf6 9. h3 Re8 10. Re1 h6 11. Nf1 Nc6 12. c3 Bd7 13. Ne3 Ne7 14. Ne5
Be6 15. Qf3 c5 16. N3g4 Nxg4 17. hxg4 cxd4 18. cxd4 Nc6 19. Nxc6 bxc6 20.
Bf4 Rb8 21. b3 Rb4 22. Bxd6 Qxd6 23. Qe3 g5 24. Bc2 Qf4 25. Qd3 Qxd4 26.
Qh7+ Kf8 27. a3 Rbb8 28. Qxh6+ Qg7 29. Qh3 Bd7 30. b4 Qf6 31. Rad1 a6 32.
Bd3 a5 33. bxa5 c5 34. a6 c4 35. Rxe8+ Bxe8 36. a7 Ra8 37. Bf1 Rxa7 38.
Rxd5 Rc7 39. Rf5 Qg7 40. Qe3 c3 41. Rxg5 Qf6 42. Rf5 Qg7 43. Rc5 Rxc5 44.
Qxc5+ Kg8 45. Qc8 Qe5 46. Bd3 Kg7 47. g3 Ba4 48. Qf5 Qe1+ 49. Kh2 Qd2 50.
Qh7+ Kf8 51. Qh8+ Ke7 52. Qe5+ Kf8 53. Qh8+ Ke7 54. Qe5+ Kf8 1/2-1/2

[Event "World Blitz 2023"]
[Site "Samarkand UZB"]
[Date "2023.12.29"]
[EventDate "2023.12.29"]
[Round "5.16"]
[Result "0-1"]
[White "Liam Vrolijk"]
[Black "Maxim Matlakov"]
[WhiteElo "2487"]
[BlackElo "2638"]
[PlyCount "64"]

1. d4 Nf6 2. Bg5 d5 3. e3 c5 4. Bxf6 gxf6 5. dxc5 Nc6 6. a3 e6 7. b4 a5 8.
Nd2 axb4 9. axb4 Rxa1 10. Qxa1 Nxb4 11. Qa4+ Nc6 12. Bb5 Bd7 13. Nb3 Bg7
14. Nf3 O-O 15. O-O f5 16. c4 dxc4 17. Qxc4 Qc7 18. Rd1 Rc8 19. h3 Be8 20.
Qh4 h6 21. Be2 Ne7 22. Nfd4 Ng6 23. Qh5 f4 24. Qf3 Rd8 25. Qe4 fxe3 26.
Qxe3 Ba4 27. Rc1 Qf4 28. Rc4 Be8 29. Rb4 Qc7 30. Bf3 Bc6 31. Bxc6 bxc6 32.
g3 Ne7 0-1

[Event "World Blitz 2023"]
[Site "Samarkand UZB"]
[Date "2023.12.29"]
[EventDate "2023.12.29"]
[Round "5.17"]
[Result "0-1"]
[White "Vahap Sanal"]
[Black "Denis Makhnev"]
[WhiteElo "2637"]
[BlackElo "2528"]
[PlyCount "62"]

1. e4 e5 2. Nf3 Nc6 3. Bb5 a6 4. Ba4 Bc5 5. c3 Nge7 6. d4 exd4 7. cxd4 Bb4+
8. Bd2 Bxd2+ 9. Nbxd2 d5 10. e5 O-O 11. O-O Bf5 12. Rc1 f6 13. Re1 fxe5 14.
dxe5 Nb4 15. Rc3 Nxa2 16. Rce3 Nb4 17. Nd4 c5 18. Nxf5 Nxf5 19. Rh3 b5 20.
Bc2 Nxc2 21. Qxc2 c4 22. Nf3 d4 23. Qe4 d3 24. g4 Nh6 25. Rh5 Qe8 26. e6
Qg6 27. e7 Qxe4 28. exf8=Q+ Rxf8 29. Rxe4 Rxf3 30. Rd5 Rf8 31. Rd7 g6 0-1

[Event "World Blitz 2023"]
[Site "Samarkand UZB"]
[Date "2023.12.29"]
[EventDate "2023.12.29"]
[Round "5.18"]
[Result "1/2-1/2"]
[White "Rauf Mamedov"]
[Black "Nikita Petrov"]
[WhiteElo "2635"]
[BlackElo "2521"]
[PlyCount "98"]

1. e4 c5 2. Nf3 Nc6 3. Nc3 e6 4. g3 Nf6 5. Bg2 d6 6. O-O Be7 7. Re1 O-O 8.
d3 a6 9. a4 Qc7 10. Nd2 Nd4 11. Nc4 Bd7 12. e5 dxe5 13. Nxe5 Be8 14. a5 Bd6
15. Nc4 Bc6 16. Ne4 Nxe4 17. dxe4 Bb5 18. Nxd6 Qxd6 19. e5 Qc7 20. c3 Nf5
21. Bf4 Bc6 22. Bxc6 Qxc6 23. Qe2 Rfd8 24. Red1 h6 25. h4 c4 26. h5 Rd5 27.
Rxd5 Qxd5 28. Rd1 Qxa5 29. Qxc4 Rd8 30. Re1 Qb6 31. b4 Ne7 32. Be3 Qb5 33.
Qxb5 axb5 34. Bc5 Nc6 35. Bd6 Ra8 36. Rc1 Ra2 37. Kg2 Rd2 38. Ra1 Rd5 39.
Ra8+ Kh7 40. Rf8 f6 41. Re8 Nxe5 42. Bxe5 Rxe5 43. Re7 b6 44. Rb7 Rxh5 45.
Rxb6 Re5 46. Rc6 g5 47. Rc5 Rd5 48. Rc6 Re5 49. Rc5 Rd5 1/2-1/2

[Event "World Blitz 2023"]
[Site "Samarkand UZB"]
[Date "2023.12.29"]
[EventDate "2023.12.29"]
[Round "5.19"]
[Result "1/2-1/2"]
[White "Aleksandar Indjic"]
[Black "M Pranesh"]
[WhiteElo "2631"]
[BlackElo "2481"]
[PlyCount "152"]

1. e4 e5 2. Nf3 Nc6 3. Bb5 a6 4. Ba4 Nf6 5. O-O Bc5 6. d3 d6 7. Be3 Bxe3 8.
Bxc6+ bxc6 9. fxe3 O-O 10. Nbd2 Ng4 11. Qe2 f5 12. h3 fxe4 13. Nxe4 Nf6 14.
Nxf6+ Rxf6 15. Nd2 Be6 16. Rxf6 Qxf6 17. Rf1 Qe7 18. Qf3 Bd5 19. e4 Be6 20.
Qe3 h6 21. b3 c5 22. Qe1 Rf8 23. Rxf8+ Qxf8 24. Qh4 g5 25. Qf2 Qf4 26. Qxf4
exf4 27. Kf2 Kf7 28. a3 Kf6 29. b4 cxb4 30. axb4 c5 31. c3 cxb4 32. cxb4 h5
33. d4 g4 34. hxg4 hxg4 35. g3 f3 36. Ke3 Ke7 37. Kf4 Kd8 38. Ke3 Kc7 39.
d5 Bd7 40. Nb3 Kb6 41. Nd4 Bc8 42. Kf2 Bd7 43. Ke3 Kc7 44. Kf2 Kd8 45. Ke3
Ke7 46. Nb3 Bb5 47. Nd4 Bd7 48. Nb3 Kf6 49. Na5 Bb5 50. Nb7 Ke5 51. Nd8 f2
52. Kxf2 Kxe4 53. Nf7 Kxd5 54. Ke3 Be8 55. Ng5 Bd7 56. Ne4 Bc8 57. Nd2 Be6
58. Kd3 Ke5 59. Kc3 d5 60. Nb3 Bc8 61. Kd3 Bf5+ 62. Ke3 Bd7 63. Nd4 Kd6 64.
Kf4 Bc8 65. Nc2 Kc6 66. Nd4+ Kd6 67. Nc2 Kc6 68. Nd4+ Kd6 69. Nc2 Be6 70.
Nd4 Bd7 71. Nc2 d4 72. Nxd4 Kd5 73. Nb3 Kc4 74. Nc5 Bc8 75. Nxa6 Bxa6 76.
Kxg4 Kxb4 1/2-1/2

[Event "World Blitz 2023"]
[Site "Samarkand UZB"]
[Date "2023.12.29"]
[EventDate "2023.12.29"]
[Round "5.20"]
[Result "0-1"]
[White "Ramazan Zhalmakhanov"]
[Black "Hans Moke Niemann"]
[WhiteElo "2427"]
[BlackElo "2614"]
[PlyCount "90"]

1. Nc3 c5 2. e4 Nc6 3. Nf3 e6 4. d4 cxd4 5. Nxd4 Qc7 6. Be3 a6 7. Bd3 Nge7
8. Nb3 Ng6 9. O-O b5 10. f4 Bb7 11. Qh5 Nge7 12. Nc5 g6 13. Qh4 Bg7 14. f5
Be5 15. Rad1 Bc8 16. Kh1 h5 17. f6 Ng8 18. Nd5 Qd8 19. Be2 d6 20. Bg5 dxc5
21. Ne7 Qc7 22. Nxg6 Rh7 23. Bxh5 Bd7 24. Ne7 Nd4 25. Nxg8 O-O-O 26. Ne7+
Kb8 27. c3 Rdh8 28. g4 Nc6 29. Qf2 Nxe7 30. fxe7 Bc6 31. Rd8+ Kb7 32. Re1
f6 33. Rxh8 Rxh8 34. Bxf6 Ra8 35. g5 Bd6 36. Kg1 Bxe7 37. e5 Rg8 38. Bf3
Bxf6 39. exf6 Rxg5+ 40. Kf1 Rf5 41. Re3 Kb6 42. b4 Qf4 43. bxc5+ Kc7 44.
Ke2 Qc4+ 45. Kd2 Bxf3 0-1

[Event "World Blitz 2023"]
[Site "Samarkand UZB"]
[Date "2023.12.29"]
[EventDate "2023.12.29"]
[Round "5.21"]
[Result "0-1"]
[White "Alexandr Predke"]
[Black "Andrew Hong"]
[WhiteElo "2594"]
[BlackElo "2460"]
[PlyCount "158"]

1. d4 Nf6 2. c4 e6 3. Nf3 d5 4. Bg5 dxc4 5. Nc3 a6 6. e3 b5 7. a4 c6 8.
Bxf6 gxf6 9. g3 Bb7 10. Bg2 Nd7 11. O-O Bb4 12. Nd2 Qb6 13. Qh5 O-O 14.
Nde4 Kh8 15. Qh6 Be7 16. Ne2 Rg8 17. Nf4 f5 18. Nc3 b4 19. Nce2 c5 20. a5
Qc7 21. d5 Bg5 22. Qh3 e5 23. d6 Qc8 24. Nd5 Qf8 25. Qxf5 Qxd6 26. Rad1 Qe6
27. Qxe6 fxe6 28. Nc7 Bxg2 29. Kxg2 Ra7 30. Rxd7 Rc8 31. Nxe6 Rxd7 32. Nxg5
Rd2 33. Re1 Rxb2 34. Nf7+ Kg7 35. Nd6 Rd8 36. Nxc4 Rc2 37. Nxe5 b3 38. Nf4
b2 39. Rb1 Rdd2 40. Ned3 c4 41. Nxb2 Rxf2+ 42. Kh3 Rxb2 43. Rc1 Rbc2 44.
Rb1 c3 45. Rb7+ Kf8 46. Rc7 Rfd2 47. Ne6+ Kg8 48. Nd4 Rc1 49. Nb3 Rh1 50.
Rxc3 Rhxh2+ 51. Kg4 Rd6 52. Nd4 Ra2 53. Rc5 Kf7 54. Nf5 Ra4+ 55. Kf3 Rf6
56. e4 Ke8 57. Rc7 h5 58. Kf4 Rg6 59. Ke5 Rxa5+ 60. Kf4 Rg4+ 61. Ke3 Ra3+
62. Kd4 Kd8 63. Ra7 Ra4+ 64. Kd5 Rgxe4 65. Nd6 Re1 66. Rh7 a5 67. Nb7+ Ke8
68. Nd6+ Kf8 69. Rxh5 Ra2 70. Nc4 a4 71. Rh7 Rd1+ 72. Ke6 Re2+ 73. Kf6 Rf1+
74. Kg5 Re4 75. Nd2 Re5+ 76. Kg4 Rd1 77. Nf3 Ra5 78. Ng5 Rd4+ 79. Kh5 Rdd5
0-1

[Event "World Blitz 2023"]
[Site "Samarkand UZB"]
[Date "2023.12.29"]
[EventDate "2023.12.29"]
[Round "5.22"]
[Result "0-1"]
[White "Maksim Tsaruk"]
[Black "Chithambaram Vr Aravindh"]
[WhiteElo "2378"]
[BlackElo "2584"]
[PlyCount "86"]

1. e4 c5 2. c3 e6 3. d4 d5 4. e5 Nc6 5. Nf3 Qb6 6. a3 c4 7. Nbd2 Na5 8. Be2
Bd7 9. O-O O-O-O 10. Rb1 Kb8 11. b3 cxb3 12. Nxb3 Nxb3 13. Rxb3 Ba4 14.
Rxb6 Bxd1 15. Rb2 Bxe2 16. Rxe2 Rc8 17. Rc2 h6 18. Nd2 Ne7 19. c4 dxc4 20.
Rxc4 Rxc4 21. Nxc4 Nd5 22. Ne3 Nf4 23. Bb2 Nd3 24. Ba1 Bxa3 25. Rd1 Nf4 26.
g3 Nd5 27. Nxd5 exd5 28. Rd3 Be7 29. Bc3 b5 30. Ba5 Rc8 31. f4 b4 32. f5
Kb7 33. f6 gxf6 34. exf6 Bd6 35. Rf3 Ka6 36. Rf5 Kxa5 37. Rxd5+ Bc5 38.
dxc5 b3 39. Rd7 Ka6 40. Rd6+ Kb5 41. Rd7 Kc6 42. Rxa7 b2 43. Ra6+ Kxc5 0-1

[Event "World Blitz 2023"]
[Site "Samarkand UZB"]
[Date "2023.12.29"]
[EventDate "2023.12.29"]
[Round "5.23"]
[Result "1/2-1/2"]
[White "Timur Gareyev"]
[Black "Levon Aronian"]
[WhiteElo "2569"]
[BlackElo "2772"]
[PlyCount "136"]

1. d4 Nf6 2. c4 e6 3. Nc3 Bb4 4. e3 b6 5. Bd3 Bb7 6. Nf3 O-O 7. O-O c5 8.
Bd2 cxd4 9. exd4 d5 10. cxd5 Bxc3 11. bxc3 Qxd5 12. c4 Qd6 13. Bc3 Rd8 14.
Qe2 Nbd7 15. Rad1 Qf4 16. Qe3 Qxe3 17. fxe3 Be4 18. Be2 Rac8 19. Rc1 Bg6
20. Rfd1 Ne4 21. Bb4 f6 22. a4 Nb8 23. d5 Na6 24. Be7 Rd7 25. Ba3 exd5 26.
cxd5 Rxc1 27. Rxc1 Nac5 28. Bb5 Rd8 29. Nd4 Bf7 30. Nc6 Rd7 31. a5 Kh8 32.
axb6 axb6 33. Nb4 Ra7 34. Bb2 h5 35. Bd4 h4 36. h3 Kh7 37. Bc6 Kh6 38. Bxc5
Nxc5 39. d6 Be6 40. Rd1 Bd7 41. Bf3 b5 42. Nd5 Ra6 43. Rd4 Rxd6 44. Rxh4+
Kg6 45. Rb4 Kf7 46. Nc3 Na6 47. Rd4 Rxd4 48. exd4 b4 49. Na2 b3 50. Bd5+
Be6 51. Bxe6+ Kxe6 52. Nc3 Nb4 53. Kf2 Nd5 54. Nd1 Kd6 55. Kf3 f5 56. g4 f4
57. g5 Ne3 58. Nb2 Kd5 59. h4 g6 60. Kxf4 Nc4 61. Na4 Nd6 62. h5 gxh5 63.
g6 Ne8 64. Kg5 Kxd4 65. Kxh5 Kc4 66. Kh6 Kb4 67. Nb2 Kc3 68. Na4+ 1/2-1/2

[Event "World Blitz 2023"]
[Site "Samarkand UZB"]
[Date "2023.12.29"]
[EventDate "2023.12.29"]
[Round "5.24"]
[Result "1-0"]
[White "Vachier-Lagrave, Maxime"]
[Black "Robert Hovhannisyan"]
[WhiteElo "2748"]
[BlackElo "2570"]
[PlyCount "114"]

1. e4 e5 2. Nf3 Nc6 3. d4 exd4 4. Nxd4 Nf6 5. Nxc6 bxc6 6. e5 Qe7 7. Qe2
Nd5 8. h4 Qe6 9. Nd2 a5 10. c4 Nb6 11. Nf3 Bb4+ 12. Bd2 d6 13. O-O-O O-O
14. exd6 cxd6 15. Be3 Bc5 16. Bxc5 dxc5 17. Qe5 Nxc4 18. Qxc5 Ba6 19. b3
Qf6 20. Bxc4 Qa1+ 21. Kc2 Qxa2+ 22. Kc3 Bxc4 23. Qxc4 Qxf2 24. Rd2 Qe3+ 25.
Kc2 a4 26. bxa4 Ra5 27. Re1 Qa3 28. Rd3 Rxa4 29. Rxa3 Rxc4+ 30. Rc3 Rg4 31.
Re2 Rg6 32. h5 Rf6 33. Ne5 Rf5 34. g4 Rf4 35. Rc4 Rxc4+ 36. Nxc4 h6 37. Nd6
Rd8 38. Nf5 g6 39. hxg6 fxg6 40. Nxh6+ Kg7 41. g5 Rd5 42. Rg2 Rc5+ 43. Kd3
Ra5 44. Ke4 Rb5 45. Kf4 Rb4+ 46. Kg3 Rb3+ 47. Kh4 Rb1 48. Rf2 Rh1+ 49. Kg4
Rg1+ 50. Kf4 Ra1 51. Ng4 Ra4+ 52. Kg3 Ra5 53. Kh4 Rd5 54. Rf6 c5 55. Rc6
Kf7 56. Nh2 Rd4+ 57. Kg3 c4 1-0

[Event "World Blitz 2023"]
[Site "Samarkand UZB"]
[Date "2023.12.29"]
[EventDate "2023.12.29"]
[Round "5.2"]
[Result "1/2-1/2"]
[White "David Paravyan"]
[Black "Alexander Grischuk"]
[WhiteElo "2566"]
[BlackElo "2699"]
[PlyCount "126"]

1. e4 e5 2. Nf3 Nc6 3. Bc4 Bc5 4. d3 Nf6 5. Be3 Bb6 6. O-O d6 7. a4 O-O 8.
Qe1 Be6 9. Bxe6 fxe6 10. a5 Bxe3 11. fxe3 b6 12. axb6 axb6 13. Rxa8 Qxa8
14. Qc3 Qe8 15. h3 Qd7 16. Nbd2 h6 17. d4 exd4 18. exd4 Ne7 19. Ra1 Ng6 20.
Ra7 Rf7 21. Ra8+ Rf8 22. Rxf8+ Kxf8 23. Kf2 Kg8 24. Qb3 Qf7 25. g3 d5 26.
exd5 exd5 27. Qe3 Qe7 28. Qxe7 Nxe7 29. g4 Kf7 30. Ke3 Ke6 31. Ne5 c5 32.
c3 Nc8 33. Nd3 c4 34. Nf4+ Kd6 35. Nf3 Ne7 36. Ne5 Nc6 37. Nxc6 Kxc6 38.
Ne6 Ne8 39. g5 Kd6 40. gxh6 gxh6 41. Nd8 Ke7 42. Nc6+ Kd6 43. Ne5 Ke6 44.
Kf4 Nd6 45. Ng4 Nf5 46. Nf2 b5 47. Ng4 b4 48. cxb4 h5 49. Ne3 Nxd4 50. Kg5
Ke5 51. Kxh5 Ke4 52. Nd1 Kd3 53. Nc3 Kc2 54. Nxd5 Kxb2 55. Kg4 c3 56. Ne3
Kb3 57. h4 Kxb4 58. h5 Ne6 59. h6 Nf8 60. Kf5 Kb3 61. Kf6 c2 62. Nxc2 Kxc2
63. h7 Nxh7+ 1/2-1/2